New York City Pictures - Sudden Death - Statistics

General Stats
  • This quiz has been taken 142 times
  • The average score is 4 of 10
Answers on the Grid
Answers color-coded by a green-red scale on the quiz's grid according to % correct below.
 
Answer Stats
Answer % Correct
Empire State Building
75%
Flattiron Buiding
62%
Ground Zero
45%
Chinatown
42%
One Vanderbilt
35%
MoMA
25%
Central Park
25%
High Line
23%
Hell Gate Bridge
22%
James Bailey House
3%
No matching quizzes found
Score Distribution
Percent of People with Each Score
Percentile by Number Answered
Your Score History
You have not taken this quiz